MARC

Tag First Indicator Second Indicator Subfields
LEADER 00000cam a2200000 a 4500
001 in00005679331
005 20260205201957.9
006 m o d
007 cr |||||||||||
008 110705s2011 fluad ob 001 0 eng d
040 |a OTZ  |b eng  |e pn  |c OTZ  |d OCLCQ  |d OCLCO  |d CRCPR  |d OCLCQ  |d E7B  |d COO  |d OCLCQ  |d PIFBY  |d UAB  |d ERL  |d OCLCF  |d OCLCQ  |d CEF  |d S9I  |d TYFRS  |d LEAUB  |d OCLCQ  |d OCLCO  |d OCLCQ  |d OCLCO  |d OCLCL 
019 |a 763158810  |a 991945855  |a 994767559  |a 1015208613  |a 1031042373 
020 |a 9781420094282  |q (e-book ;  |q PDF) 
020 |a 1420094289  |q (e-book ;  |q PDF) 
020 |a 9781420094633  |q (e-book) 
020 |a 1420094637  |q (e-book) 
020 |a 1420094270  |q (alk. paper) 
020 |a 9781420094275  |q (alk. paper) 
020 |z 9781420094626 
020 |z 9781138075269 
024 7 |a 10.1201/b10902  |2 doi 
035 |a (OCoLC)759865772  |z (OCoLC)763158810  |z (OCoLC)991945855  |z (OCoLC)994767559  |z (OCoLC)1015208613  |z (OCoLC)1031042373 
050 4 |a U168  |b .J65 2011 
082 0 4 |a 623.76  |b J767 
049 |a TXAM 
100 1 |a Jones, Erick C. 
245 1 0 |a RFID and auto-ID in planning and logistics :  |b a practical guide for military UID applications /  |c Erick C. Jones, Christopher A. Chung. 
260 |a Boca Raton :  |b Taylor & Francis,  |c 2011. 
300 |a 1 online resource (xxix, 400 pages) :  |b illustrations 
336 |a text  |b txt  |2 rdacontent 
337 |a computer  |b c  |2 rdamedia 
338 |a online resource  |b cr  |2 rdacarrier 
347 |a data file 
504 |a Includes bibliographical references (pages 385-392) and index. 
505 0 |a pt. 1. History and background -- pt. 2. Overview of RFID and AIT technologies -- pt. 3. Overview of equipment interoperability protocols and standards -- pt. 4. Implementation, decision making, and testing approaches -- pt. 5. Overview of logistics planning and inventory control -- pt. 6. Military RFID initiatives and applications -- pt. 7. Other potential military RFID applications and radio theory. 
650 0 |a Logistics  |x Technological innovations. 
650 0 |a Radio frequency identification systems. 
650 0 |a Military supplies  |x Identification. 
650 0 |a Armed Forces  |x Supplies and stores  |x Technological innovations. 
650 6 |a Logistique  |x Innovations. 
650 6 |a Systèmes d'identification par radiofréquence. 
650 6 |a Matériel militaire  |x Identification. 
650 7 |a Logistics  |x Technological innovations  |2 fast 
650 7 |a Military supplies  |2 fast 
650 7 |a Radio frequency identification systems  |2 fast 
655 7 |a Electronic books.  |2 local 
655 7 |a Field guides  |2 fast 
700 1 |a Chung, Christopher A. 
710 2 |a Taylor & Francis. 
758 |i has work:  |a RFID and auto in planning and logistics (Text)  |1 https://id.oclc.org/worldcat/entity/E39PCFHGcwyr3wpdDth3R3rVP3  |4 https://id.oclc.org/worldcat/ontology/hasWork 
776 1 |z 9781420094275 
856 4 0 |u http://proxy.library.tamu.edu/login?url=https://www.taylorfrancis.com/books/9780429139857  |z Connect to the full text of this electronic book  |t 0 
936 |a BATCHLOAD 
955 |a Taylor and Francis ENGnetBASE 
994 |a 92  |b TXA 
999 f f |i ee16a366-8492-4b6c-bdde-5eeb67b1e023  |s 2b82b242-da7d-464c-8826-ebde9365524e  |t 0 
952 f f |a Texas A&M University  |b College Station  |c Electronic Resources  |s www_evans  |d Available Online  |t 0  |e U168 .J65 2011  |h Library of Congress classification 
998 f f |a U168 .J65 2011  |t 0  |l Available Online